Gym Web App / (Record no. 230302)
[ view plain ]
| 000 -LEADER | |
|---|---|
| fixed length control field | 00446nam a22001457a 4500 |
| 005 - DATE AND TIME OF LATEST TRANSACTION | |
| control field | 20240314105358.0 |
| 008 - FIXED-LENGTH DATA ELEMENTS--GENERAL INFORMATION | |
| fixed length control field | 240314b ||||| |||| 00| 0 eng d |
| 040 ## - CATALOGING SOURCE | |
| Transcribing agency | AIMIT LIBRARY |
| 100 ## - MAIN ENTRY--PERSONAL NAME | |
| Personal name | Fernandes, Floyd Rosario |
| Relator term | 2117019 |
| 9 (RLIN) | 154209 |
| 245 ## - TITLE STATEMENT | |
| Title | Gym Web App / |
| Statement of responsibility, etc. | By Floyd Rosario Fernandes |
| 700 ## - ADDED ENTRY--PERSONAL NAME | |
| Personal name | Pinto, Jeevan |
| Relator term | Mentor |
| 9 (RLIN) | 154210 |
| 700 ## - ADDED ENTRY--PERSONAL NAME | |
| Personal name | Balchandra, Rakhi |
| Relator term | Guide |
| 9 (RLIN) | 154211 |
| 856 ## - ELECTRONIC LOCATION AND ACCESS | |
| Materials specified | Bull Rock Fittness Club |
| 942 ## - ADDED ENTRY ELEMENTS (KOHA) | |
| Source of classification or shelving scheme | Dewey Decimal Classification |
| Koha item type | Project Report |
| Withdrawn status | Lost status | Source of classification or shelving scheme | Damaged status | Not for loan | Collection code | Home library | Current library | Date acquired | Total Checkouts | Barcode | Date last seen | Copy number | Price effective from | Koha item type |
|---|---|---|---|---|---|---|---|---|---|---|---|---|---|---|
| Dewey Decimal Classification | Not for loan | Project Report MCA | St Aloysius Institute of Management & Information Technology | St Aloysius Institute of Management & Information Technology | 03/14/2024 | PRC01376 | 03/14/2024 | 2117019 | 03/14/2024 | Project Report |